[Event "BOT-ch"]
[Site "Gaborone"]
[Date "2011.04.22"]
[Round "2"]
[White "Olebile, Thato"]
[Black "Gaealafshwe, Barileng"]
[Result "1-0"]
[WhiteElo "1974"]
[BlackElo "2151"]
[PlyCount "55"]
[EventDate "2011.04.21"]
[EventType "tourn"]
[EventRounds "9"]
[EventCountry "BOT"]
[SourceTitle "CBM 142 Extra"]
[Source "ChessBase"]
[SourceDate "2011.06.27"]
[SourceVersion "1"]
[SourceVersionDate "2011.06.27"]
[SourceQuality "1"]

1. d4 Nf6 2. c4 g6 3. Nc3 Bg7 4. Nf3 0-0 5. Bf4 d6 6. e3 b6 7. h3 Bb7 8. Be2 Nbd7 9. 0-0 Ne4 10. Nxe4 Bxe4 11. Nd2 Bb7 12. Rc1 e5 13. dxe5 Nxe5 14. b4 a5 15. c5 axb4 16. cxb6 c5 17. Bxe5 Bxe5 18. Nc4 Qf6 19. f4 Bb2 20. Rc2 Rxa2 21. Qb1 Be4 22. Qxa2 Bc3 23. Bf3 Bxf3 24. Rxf3 d5 25. Ne5 Bxe5 26. fxe5 Qxb6 27. Qxd5 Rc8 28. Qxf7+ 1-0

[Event "Gaborone zt 4.3"]
[Site "Gaborone"]
[Date "2011.04.03"]
[Round "3"]
[White "Ranaivoharisoa, Alain"]
[Black "Gaealafshwe, Barileng"]
[Result "1-0"]
[WhiteElo "2147"]
[BlackElo "2142"]
[PlyCount "89"]
[EventDate "2011.04.01"]
[EventType "swiss"]
[EventRounds "9"]
[EventCountry "BOT"]
[SourceTitle "EXT 2015"]
[Source "ChessBase"]
[SourceDate "2014.11.20"]
[SourceVersion "1"]
[SourceVersionDate "2014.11.20"]
[SourceQuality "1"]

1. e4 c5 2. Nc3 d6 3. f4 Nc6 4. Bb5 Bd7 5. Nf3 a6 6. Bxc6 Bxc6 7. 0-0 e6 8. d3 Nf6 9. Qe1 Be7 10. Kh1 Qc7 11. a4 Nd7 12. Bd2 h6 13. Qg3 0-0-0 14. Qxg7 Rdf8 15. Qg3 f5 16. Rfe1 Nf6 17. Re2 Rfg8 18. Qe1 Rh7 19. Rb1 Rhg7 20. Qf1 Bf8 21. exf5 exf5 22. b4 cxb4 23. Rxb4 d5 24. Rb1 d4 25. Nd1 Bd6 26. Ne1 Qf7 27. Rb6 Qd7 28. Nb2 Bc7 29. Nc4 Nd5 30. Rxc6 Qxc6 31. a5 Re8 32. Rxe8+ Qxe8 33. Nf3 Ne3 34. Bxe3 dxe3 35. Nfe5 Qa4 36. Nxe3 Bxe5 37. fxe5 f4 38. Nc4 Qxc2 39. h3 Kd8 40. Qf3 Qc1+ 41. Kh2 Kc7 42. Qd5 Rd7 43. Qc5+ Kb8 44. Qf8+ Kc7 45. Nb6 1-0

[Event "Gaborone zt 4.3"]
[Site "Gaborone"]
[Date "2011.04.01"]
[Round "1"]
[White "Kobese, Watu"]
[Black "Gaealafshwe, Barileng"]
[Result "1-0"]
[WhiteElo "2361"]
[BlackElo "2142"]
[PlyCount "81"]
[EventDate "2011.04.01"]
[EventType "swiss"]
[EventRounds "9"]
[EventCountry "BOT"]
[SourceTitle "EXT 2015"]
[Source "ChessBase"]
[SourceDate "2014.11.20"]
[SourceVersion "1"]
[SourceVersionDate "2014.11.20"]
[SourceQuality "1"]

1. e4 e5 2. Nf3 Nc6 3. Bb5 a6 4. Ba4 Nf6 5. 0-0 Be7 6. Re1 b5 7. Bb3 d6 8. c3 Nb8 9. d4 Nbd7 10. Bxf7+ Kxf7 11. Ng5+ Kg6 12. f4 exf4 13. Ne6 Qg8 14. Nxf4+ Kf7 15. e5 dxe5 16. dxe5 Nxe5 17. Rxe5 Qd8 18. Qb3+ Kf8 19. Re1 c5 20. c4 Qd4+ 21. Be3 Qxc4 22. Qxc4 bxc4 23. Na3 g5 24. Ne2 Nd5 25. Bf2 Nb4 26. Ng3 Nd3 27. Rf1 Nxf2 28. Rxf2+ Kg7 29. Nxc4 Rf8 30. Re2 Ra7 31. Rae1 Bf6 32. Nh5+ Kg6 33. Nxf6 Rxf6 34. Re5 Rf5 35. Nd6 Rxe5 36. Rxe5 Rc7 37. Re8 Bg4 38. h3 Rd7 39. Ne4 Rd1+ 40. Kf2 Bf5 41. Nxc5 1-0

[Event "Gaborone op"]
[Site "Gaborone"]
[Date "2010.12.12"]
[Round "7"]
[White "Gaealafshwe, Barileng"]
[Black "Tlhwaafalo, Gofaone"]
[Result "1/2-1/2"]
[WhiteElo "2161"]
[BlackElo "1866"]
[PlyCount "31"]
[EventDate "2010.12.10"]
[EventType "swiss"]
[EventRounds "7"]
[EventCountry "BOT"]
[SourceTitle "CBM 140 Extra"]
[Source "ChessBase"]
[SourceDate "2011.03.01"]
[SourceVersion "1"]
[SourceVersionDate "2011.03.01"]
[SourceQuality "1"]

1. d4 Nf6 2. c4 e6 3. Nf3 Bb4+ 4. Bd2 Be7 5. g3 b6 6. Bg2 Bb7 7. 0-0 0-0 8. Nc3 d6 9. Qc2 Nbd7 10. e4 e5 11. d5 c6 12. Rac1 Rc8 13. Rfe1 cxd5 14. cxd5 Ba6 15. Bh3 Rc7 16. Bg5 1/2-1/2